| 000 | 00613nam a2200229Ia 4500 | ||
|---|---|---|---|
| 003 | OSt | ||
| 005 | 20230609150855.0 | ||
| 008 | 210423s2006 xx 000 0 und d | ||
| 020 | _a81-8356-088-1 | ||
| 040 | _cAL | ||
| 041 | _aeng | ||
| 082 |
_a338.9 KHAP _223 |
||
| 100 |
_aKHANNA (Sulbha) _9123425 |
||
| 245 | _aParticipatory approach to development | ||
| 260 |
_aNE _bDiscovery Publishing House _c2006 |
||
| 300 |
_a179 _bHB |
||
| 365 |
_b475 _cINR |
||
| 650 |
_aEconomics _9123426 |
||
| 650 |
_aEconomics of Development _9123427 |
||
| 906 | _aapproach ; development ; Participatory | ||
| 942 |
_2ddc _cBK |
||
| 999 |
_c174299 _d174299 |
||